Generovanie testovacích algoritmov pre pamäte RAM

Saved in:
Bibliographic Details
Main Author: Svetlík, Martin, 1989- (Author)
Other Authors: Gramatová, Elena, 1948- (Thesis advisor)
Format: Manuscript Book
Language:Slovak
Published: Bratislava : STU v Bratislave FIIT, 2010
Subjects:
Online Access:VAIS
Tags: Add Tag
No Tags, Be the first to tag this record!

MARC

LEADER 00000ntm a22000003a 4500
001 stu218383
005 20150617230111.9
008 101203s2010----xo------------------slo-d
040 |a STU  |b slo 
041 0 |a slo 
044 |a xo 
100 1 |a Svetlík, Martin,  |d 1989-  |4 aut  |u I100  |U FIIT Fakulta informatiky a informačných technológií  |T FIIT Ústav počítačových systémov a sietí  |X 48020  |U I100  |Y 178  |7 A000048020 
242 0 0 |a Generating test algorithms for RAM memories  |y eng 
245 1 |a Generovanie testovacích algoritmov pre pamäte RAM 
260 |a Bratislava :  |b STU v Bratislave FIIT,  |c 2010 
300 |a 35 s  |c príl. 
650 7 |a počítačové systémy a siete  |2 stusub 
650 7 |a Computer Systems and Networks  |2 estusub 
650 7 |a testing  |2 estusub 
650 7 |a testovanie  |2 stusub 
700 1 |a Gramatová, Elena,  |d 1948-  |4 ths  |u I100  |U FIIT Fakulta informatiky a informačných technológií  |T FIIT Ústav počítačových systémov a sietí  |X 4228  |U I100  |Y 178  |7 4228 
856 4 |a info a plný text  |u http://is.stuba.sk/zp/portal_zp.pl?podrobnosti=46684  |3 VAIS 
996 |c I*BAP150/10  |l I  |s P  |a 0  |w stu218383_0001